Неуемный бубен: роман, повести, рассказы, сказки, воспоминания; Пруд; Часы; Неуемный бубен; Придворный ювелир; Крепость; Без пяти минут барин; Музыкант; Серебряные ложки; Опера; Казенная дача, и др. произведения
| Hlavní autor: | |
|---|---|
| Další autoři: | , |
| Jazyk: | ruština |
| Vydáno: |
Кишинев, Литература артистикэ, 1988
|
| TOC: | Пруд; Часы; Неуемный бубен; Придворный ювелир; Крепость; Без пяти минут барин; Музыкант; Серебряные ложки; Опера; Казенная дача, и др. произведения; |
| Témata: | |
| Médium: | MixedMaterials Kniha |
| KOHA link: | https://koha.lib.tpu.ru/cgi-bin/koha/opac-detail.pl?biblionumber=117609 |
MARC
| LEADER | 00000nam0a2200000 4500 | ||
|---|---|---|---|
| 001 | 117609 | ||
| 005 | 20231101215419.0 | ||
| 010 | |a 5368002122 | ||
| 020 | |a RU |b 88-74158 | ||
| 035 | |a (RuTPU)RU\TPU\book\127303 | ||
| 090 | |a 117609 | ||
| 100 | |a 20070605d1988 m y0rusy5003 ca | ||
| 101 | 0 | |a rus | |
| 102 | |a MD | ||
| 105 | |a a z 000ay | ||
| 200 | 1 | |a Неуемный бубен |e роман, повести, рассказы, сказки, воспоминания |f А. М. Ремизов |g сост., вступ. ст. и коммент. В. А. Чалмаев; худож. А. А. Колыбняк | |
| 210 | |a Кишинев |c Литература артистикэ |d 1988 | ||
| 215 | |a 598,[1] с. |c ил. |d 22 см | ||
| 320 | |a Библиогр. в примеч.: с. 592-596. | ||
| 464 | |t Пруд |o роман | ||
| 464 | |t Часы; Неуемный бубен |o повести | ||
| 464 | |t Придворный ювелир; Крепость; Без пяти минут барин; Музыкант; Серебряные ложки; Опера; Казенная дача, и др. произведения |o рассказы | ||
| 610 | 1 | |a русская литература | |
| 610 | 1 | |a романы | |
| 610 | 1 | |a повести | |
| 610 | 1 | |a рассказы | |
| 610 | 1 | |a воспоминания | |
| 675 | |a Р1 |z rus |v 3 | ||
| 700 | 1 | |a Ремизов |b А. М. |c русский писатель |f 1877-1957 |g Алексей Михайлович |2 stltpush |3 (RuTPU)RU\TPU\pers\12182 |9 3217 | |
| 702 | 1 | |a Чалмаев |b В. А. |4 220 | |
| 702 | 1 | |a Колыбняк |b А. А. |4 440 | |
| 801 | 0 | |a RU |b RuMRKP |c 19950417 |g psbo | |
| 801 | 1 | |a RU |b 63413507 |c 20070605 |g PSBO | |
| 801 | 2 | |a RU |b 63413507 |c 20071008 |g PSBO | |
| 942 | |c BK | ||